00855nam a22002057a 4500999001900000005001700019010001300036020002600049035001100075037001300086082001200099100004000111245012500151246007000276260004100346270008500387300002300472942003200495952012200527 c180884d18088420210823130221.0 aUR-11201 c200.00a9789383741274 aU-9756 bDBAD/PUB a808.882 aمر تبہ:نا ر نگ سا قی  aشگفتکی و بر جستگی قلم کا ر و ں کی (ا د بی لطا يف )cمر تبہ:نا ر نگ سا قی  aShaguftagi Wa Barjastagi Qalam Karon Ki (Urdu)bby Narang Saqui  aN Delhi c2019 ءbM.R.Publications  a#10 Metropol Market,2724-25Kucha Chelan Daryaganj,bN.Delhie110002l09810784549 a360 ص c22 Cm(Hb) 2ddccURh808.882mن ا ر  001040708NFICaLbLd2021-08-23eDBAD/PUBg400.00l0o808.882 ن ا رpU-9756r2021-08-23 00:00:00t1v400.00yUR